00250 a2200109 4500001000700000040003500007100003200042240002700074245002200101300000800123362000900131151787 cEscola São Tomás de Aquino aPASSOS, Edson Rodrigues dos10aNós e os outroslpor10aNós e os outros a1200 a2008